Albums Rels b - Estadísticas

Estadísticas generales
  • Esta prueba ha sido intentada 27 veces
  • La puntuación promedio es 5 de 10
Estadísticas de respuestas
Imagen Respuesta % Correcto
AfroLOVA' 23
88%
A new star (1993)
76%
Boys Don't Cry
48%
Happy Birthday Flakko
48%
LA ISLA LP
44%
SMILE BIX :)
36%
Vida Play
36%
Inéditos
32%
Flakk Daniel's Lp
28%
Player Hater
20%
No se encontraron pruebas coincidentes
Distribución de puntuación
Porcentaje de gente con cada puntuación
Porcentaje por número respondido
Historial de tus puntuaciones
No has intentado esta prueba.